000 01915nam a2200181 a 4500
001 ASIN0415560888
005 20170105102856.0
008 130905s2010 xxu eng d
020 _a0415560888 (hardcover)
_c$150.00
020 _a9780415560887 (hardcover)
245 1 4 _aThe security context in the black sea region /
_cDimitrios Triantaphyllou.
250 _a1st ed.
260 _a[S.l.] :
_bRoutledge,
_c2010.
300 _a184 p. ;
_c25 cm.
520 _aThis book on the security context in the Black Sea region is a timely endeavour and substantive contribution to understanding the state of play in the region and its linkages to the rest of the world. With contributions from analysts from Europe, the United States, Russia, Ukraine and Turkey, the book provides a holistic perspective. Post-Cold War developments have increased interest in the Black Sea region and the role of the regional and extra-regional actors in its security issues: this volume examines the position of the United States; NATO’s involvement; the EU’s engagement; Russia and Turkey’s aspirations alongside the policies of the other states in the region as they seek a role for themselves. It illustrates and investigates key concerns such as security, energy and energy security, regionalism and good governance; and questions why a cooperative security framework (or other regional schemes which could accommodate the needs of all stakeholders) has to date never become a reality. This book adds to the growing body of research on the region, presenting the facts of the current situation and asking what can be done in the Black Sea region for it to survive given its precarious security environment. This book was published as a special issue of Southeast European and Black Sea Studies .
700 1 _aTriantaphyllou, Dimitrios.
856 4 0 _3Amazon.com
_uhttp://www.amazon.com/exec/obidos/ASIN/0415560888/chopaconline-20
999 _c14495
_d14495